Zmluva
Saved in:
| Main Author: | |
|---|---|
| Other Authors: | |
| Format: | Book |
| Language: | Slovak |
| Published: |
Bratislava
AKTUELL
1998
|
| Tags: |
No Tags, Be the first to tag this record!
|
MARC
| LEADER | 00000nam a2200000 4500 | ||
|---|---|---|---|
| 001 | 0119266 | ||
| 005 | 20240502072329.4 | ||
| 020 | |a 80-88915-03-1 | ||
| 041 | 0 | |a slo | |
| 044 | |a SK | ||
| 245 | 1 | 0 | |a Zmluva |c Sabin Willettová ; z angl. orig. prel. Helena Svobodová |
| 264 | 1 | |a Bratislava |b AKTUELL |c 1998 | |
| 300 | |a 469 s. | ||
| 100 | 1 | |a Willettová, Sabin | |
| 700 | 1 | |a Svobodová, Helena | |